Países del Trópico de Cáncer - Estadísticas

Estadísticas generales
  • Esta prueba ha sido intentada 1.314 veces
  • La puntuación promedio es 13 de 17
Estadísticas de respuestas
País % Correcto
India
93%
México
93%
Egipto
91%
Arabia Saudita
87%
Argelia
86%
China
86%
Libia
84%
Marruecos / Sahara Oriental
84%
Mauritania
72%
Malí
70%
Birmania
68%
Omán
66%
Bangladés
65%
Emiratos Árabes Unidos
60%
Níger
60%
Taiwán
57%
Bahamas
55%
No se encontraron pruebas coincidentes
Distribución de puntuación
Porcentaje de gente con cada puntuación
Porcentaje por número respondido
Historial de tus puntuaciones
No has intentado esta prueba.